Assessing value in organizational knowledge creation: considerations for knowledge workers (Record no. 65803)

000 -LEADER
fixed length control field 00443pab a2200157 454500
008 - FIXED-LENGTH DATA ELEMENTS--GENERAL INFORMATION
fixed length control field 180718b2005 xxu||||| |||| 00| 0 eng d
100 ## - MAIN ENTRY--PERSONAL NAME
Personal name Chen, Andrew N.K.
245 ## - TITLE STATEMENT
Title Assessing value in organizational knowledge creation: considerations for knowledge workers
260 ## - PUBLICATION, DISTRIBUTION, ETC.
Date of publication, distribution, etc. 2005
300 ## - PHYSICAL DESCRIPTION
Extent p.279-309.
362 ## - DATES OF PUBLICATION AND/OR SEQUENTIAL DESIGNATION
Dates of publication and/or sequential designation Jun
650 ## - SUBJECT ADDED ENTRY--TOPICAL TERM
Topical term or geographic name entry element Knowledge management
700 ## - ADDED ENTRY--PERSONAL NAME
Personal name Edgington, Theresa M.
773 ## - HOST ITEM ENTRY
Main entry heading MIS Quarterly
909 ## -
-- 65803
Holdings
Withdrawn status Lost status Damaged status Not for loan Permanent Location Current Location Date acquired Serial Enumeration / chronology Barcode Date last seen Price effective from Koha item type
        Indian Institute of Public Administration Indian Institute of Public Administration 2018-07-19 Volume no: 29, Issue no: 2 AR66255 2018-07-19 2018-07-19 Articles

Powered by Koha